Century Chain #2 - Statistics

General Stats
  • This quiz has been taken 13 times
  • The average score is 69 of 100
Answer Stats
Hint Answer % Correct
Animated movie about a young deer whose mother is shot and killed by hunters. Bambi
100%
Main antagonist is a clown inside a sewer drain. It
100%
A bunch of animals from a New York zoo end up on an African island nation. Madagascar
100%
Philadelphian boxer gets a shot to take on the world heavyweight champion. Rocky
100%
Features a green ogre and a donkey. Shrek
100%
When Andy isn't looking, his toys come to life. Toy Story
100%
Top hat wearing U.S. president who abolished slavery. (full name) Abraham Lincoln
92%
Princess of Wales who died in a car crash. Diana
92%
The planet we live in. Earth
92%
Plural form of "elf". Elves
92%
The first rule is that you don't talk about it. Fight Club
92%
Led India to independence from British rule. (last name) Gandhi
92%
Don't shine light on them, don't get them wet, and don't feed them after midnight. Gremlins
92%
If it stops beating, we die. Heart
92%
The FIRST of the two Japanese cities to be hit with an atomic bomb by the U.S. Hiroshima
92%
The first name of the protagonist of "The Simpsons". Homer
92%
Structure that we eat, shower, and sleep in. House
92%
Shelter made with blocks of snow. Igloo
92%
Another Renaissance artist who painted the Mona Lisa. (full name) Leonardo da Vinci
92%
Capital of the United Kingdom. London
92%
"That's one small step for man, one giant leap for mankind." (full name) Neil Armstrong
92%
Densely populated urban city with Central Park and the Empire State Building. New York City
92%
Your brother or sister's daughter. Niece
92%
Opposite of day. Night
92%
Santa Claus lives in the _____ Pole. North
92%
Arrested for refusing to give up her bus seat, leading to the Montgomery Bus Boycott. (full name) Rosa Parks
92%
French word for "red". Rouge
92%
Witch trials took place over 300 years ago in this American city. Salem
92%
"Do you like scary movies?" Scream
92%
Wrote numerous plays such as "Romeo and Juliet" and "Hamlet". (last name) Shakespeare
92%
Neurologist who wrote "The Interpretation of Dreams". (full name) Sigmund Freud
92%
Opposite of big. Small
92%
Last name of the Soviet leader during WWII. Stalin
92%
The Eiffel _____. Tower
92%
The birthplace of democracy. Athens
83%
________ Infinity War, ________ Endgame, ________ Age of Ultron Avengers
83%
"No, I am your father." Darth Vader
83%
Home of the tallest structure in the world. Dubai
83%
Hosts the ____________ 500, the largest annual (single-day) auto race in the world. Indianapolis
83%
Formerly known as Constantinople. Istanbul
83%
Movie series about a black and white bear who becomes the Dragon Warrior. Kung Fu Panda
83%
The SECOND of the two Japanese cities to be hit with an atomic bomb by the U.S. Nagasaki
83%
French emperor who conquered much of Europe during his reign. (first name) Napoléon
83%
When it's night, soldier mannequins and skeletons of dinosaurs come to life! Night at the Museum
83%
Travelling person without a fixed home. Nomad
83%
71% of the Earth's surface. Ocean
83%
Financial and economic center of China. Shanghai
83%
Home of an NHL team, the Oilers. Edmonton
75%
Last name of the 34th United States president. Eisenhower
75%
Buddy the ___ heads for New York City to find his biological father during Christmas. Elf
75%
Capital of Pakistan. Islamabad
75%
Young girl sets out to sea to find a demigod who can save her island. Moana
75%
Bollywood is located here. Mumbai
75%
Santa Claus is based on this bishop, St. ________. Nicholas
75%
________ Copernicus, who proposed the heliocentric model of the solar system. Nicolaus
75%
Where the CN Tower is located. Toronto
75%
Marco Polo was born here. Venice
75%
Features a villain with three adopted daughters and an army of yellow creatures. Despicable Me
67%
Intelligent, cannibal serial killer who wears an iconic muzzle. Hannibal Lecter
67%
Material used to make balloons, rubber bands, and lab gloves. Latex
67%
Greek philosopher who wrote "The Republic". Plato
67%
Your mouth uses a bunch of these to chew food. Tooth
67%
Carl Allen agrees to everything as part of an advice to get his life back together. Yes Man
67%
It's about a dog who can play basketball. Air Bud
58%
Word for twelve. Dozen
58%
Much of the first Harry Potter book was developed in cafes in this city. Edinburgh
58%
"Now I am become Death, the destroyer of worlds." (last name) Oppenheimer
58%
Gastronomic capital of Japan. Osaka
58%
"Dark Lord" of Lord of the Rings, who forged the One Ring. Sauron
58%
The biblical city of Joppa/Jeffa was where this modern city is located now. Tel Aviv
58%
Fat and yellow counterpart to Mario. Wario
58%
Noble gas element used for car headlights and anesthesia. Xenon
58%
Capital of Cameroon. Yaoundé
58%
Capital of Turkmenistan Ashgabat
50%
"We don't talk about Bruno . . ." Encanto
50%
Emotion for boredom and disinterest in life. Ennui
50%
Manipulated Othello into killing his wife. Iago
50%
"Jungle Book" snake with hypnotic abilities. Kaa
50%
Renaissance artist who painted "The School of Athens". Raphael
50%
German philosopher who invented the Categorical Imperative. (full name) Immanuel Kant
42%
First name of Draco Malfoy's father. Lucius
42%
Placed a curse on Princess Aurora, regarding a spinning wheel. Maleficent
42%
Real name of the Green Goblin: Norman ______. Osborn
42%
Athenian philosopher whose method involved asking questions to stimulate thinking. Socrates
42%
Wiped half of the universe with the Infinity Gauntlet. Thanos
42%
"Long live the king" The Lion King
42%
The second emperor of Rome. (first name) Tiberius
42%
First recorded physician in history. Imhotep
33%
Fought Captain America during WWII. Red Skull
33%
Batman villain who creates and uses fear toxin. Scarecrow
33%
Extraterrestrial species of the Alien film franchise. Xenomorph
33%
Anime romance movie about two teenagers who can swap bodies. Your Name.
33%
Applied to bow hairs to help it create friction with violin strings. Rosin
25%
"Hate. Let me tell you how much I've come to hate you since I began to live." AM
17%
Home planet of Darkseid. Apokolips
17%
Main antagonist of the Crash Bandicoot series. Neo Cortex
17%
Family of battle robots created by Syndrome to kill superheroes. Omnidroid
17%
Full name of Eggman, Dr. Ivo ________ Robotnik
17%
Killed Satoru Gojo using the Ten Shadows Technique. Sukuna
17%
From "Lord of the Flies", symbolizes pure evil and cruelty of man. Roger
8%
No matching quizzes found
Score Distribution
Percent of People with Each Score
Percentile by Number Answered
Your Score History
You have not taken this quiz